|
|
|
|
| LEADER |
00000nam0a2200000 4500 |
| 001 |
327407 |
| 005 |
20231102003946.0 |
| 035 |
|
|
|a (RuTPU)RU\TPU\book\353078
|
| 090 |
|
|
|a 327407
|
| 100 |
|
|
|a 20170130d1973 m y0rusy50 ca
|
| 101 |
0 |
|
|a rus
|
| 102 |
|
|
|a RU
|
| 105 |
|
|
|a y j 001zy
|
| 200 |
1 |
|
|a Предметный каталог. Общая методика предметизации. Организация и ведение каталога
|e пособие для библиотекарей
|f Государственная публичная библиотека им. М. Е. Салтыкова-Щедрина (ГПБ) ; под ред. А. В. Богомоловой
|
| 210 |
|
|
|a Москва
|c Книга
|d 1973
|
| 215 |
|
|
|a 125 с.
|
| 320 |
|
|
|a Библиогр.: с. 116-123
|
| 606 |
1 |
|
|a Предметный каталог
|2 stltpush
|3 (RuTPU)RU\TPU\subj\51116
|9 69725
|
| 610 |
1 |
|
|a предметизация
|
| 610 |
1 |
|
|a характеристики
|
| 610 |
1 |
|
|a рубрики
|
| 610 |
1 |
|
|a ссылочно-справочный аппарат
|
| 610 |
1 |
|
|a литература
|
| 610 |
1 |
|
|a организация
|
| 610 |
1 |
|
|a ведение
|
| 610 |
1 |
|
|a библиотекари
|
| 610 |
1 |
|
|a пособия
|
| 686 |
|
|
|a Ч736.25я7
|v LBC/SL-A
|2 rubbk
|
| 702 |
|
1 |
|a Богомолова
|b А. В.
|4 340
|
| 712 |
0 |
2 |
|a Государственная публичная библиотека им. М. Е. Салтыкова-Щедрина (ГПБ)
|c (Ленинград)
|c (1925-1992)
|2 stltpush
|3 (RuTPU)RU\TPU\col\132
|9 23214
|
| 801 |
|
1 |
|a RU
|b 63413507
|c 20170130
|
| 801 |
|
2 |
|a RU
|b 63413507
|c 20170131
|g RCR
|
| 942 |
|
|
|c BK
|